000 00583nam a2200217Ia 4500
005 20241129105905.0
008 241129s9999||||xx |||||||||||||| ||und||
020 _a978-0-415-31814-3
037 _aTB
040 _aARTS
_beng
_cARTS
041 _aeng
_2eng
084 _aTv1 R3
_qARTS
100 _aJohnson Mark S. Au.
_9726588
245 0 _aEducation in world history
_cJohnson Mark S. Au.
260 _aUK
_bRoutledge
_c2022
300 _avi,252p.
365 _aUKP
_b32.99
650 _aEducationHistory
_9726589
942 _cTB
_hTv1 R3
999 _c1226458
_d1226458